Statistics for Every Roblox Dominus

Click here to take the quiz!

General Stats

  • This quiz has been taken 31 times
  • The average score is 9 of 16

Answer Stats

Answer% Correct
Dominus Frigidus
79%
Dominus Aureus
75%
Dominus Empyreus
75%
Dominus Infernus
75%
Dominus Astra
71%
Dominus Messor
67%
Dominus Praefectus
67%
Dominus Vespertilio
67%
Dominus Rex
63%
Dominus Formidulosus
58%
Deadly Dark Dominus
54%
Dominus Pittacium
46%
DIY Dominus Empyreus
38%
Dominus Claves
38%
Dominus Venari
38%
DIY Deadly Dark Dominus
21%

Score Distribution

Percentile by Number Answered

Percent of People with Each Score

Your Score History

You have not taken this quiz